Fundamentals of Anatomy and Movement (Registro nro. 82401)

Detalles MARC
000 -ENCABEZADO
Número de control [NR] 00533nam a22001697a 4500
008 - DE LONGITUD FIJA DE DATOS DE ELEMENTOS - INFORMACIÓN GENERAL
Elementos de longitud fija [NR] 130821s1997 xxu gr eng
020 ## - NUMERO INTERNACIONAL NORMALIZADO PARA LIBROS [R]
Número Internacional Normalizado del libro [NR] 815122100
040 ## - FUENTE DE CATALOGACION [NR]
Agencia de catalogación original [NR] Co-BoUCM
Idioma de catalogación [NR] spa
041 00 - CODIGO DE IDIOMA [R]
Código de idioma para texto/pista de sonido o título separado [R] Inglés
060 ## - SIGNATURA TOPOGRAFICA DE LA BIBLIOTECA NACIONAL DE MEDICINA (NLM) [R]
Número clasificador [R] QS 4
Número de ítem [NR] H659f
-- 1997
100 ## - ASIENTO PRINCIPAL--NOMBRE PERSONAL [NR]
Nombre personal [NR] Hinkle, Carla Z.
ID Autoridad 170479
245 00 - MENCION DE TITULO [NR]
Título [NR] Fundamentals of Anatomy and Movement
Parte restante del título [NR] A workbook and guide
Mención de responsabilidad, etc. [NR] Carla Z. Hinkle
260 ## - PUBLICACION, DISTRIBUCION, ETC. (PIE DE IMPRENTA) [R]
Lugar de publicación, distribución, etc. [R] San Luis (Misuri, Estados Unidos)
Nombre del editor, distribuidor, etc. [R] Mosby
Fecha de publicación, distribución, etc. [R] 1997
300 ## - DESCRIPCION FISICA [R]
Extensión [R] 288 páginas
650 04 - ASIENTO SECUNDARIO DE MATERIA - TERMINO TEMATICO [R]
Término temático o nombre geográfico como elemento de entrada [NR] Anatomía
9 (RLIN) 9026
942 ## - ELEMENTOS DE ENTRADA AGREGADOS (KOHA)
Tipo de ítem principal el descrito en 300a Libro
Tema principal Ciencias de la salud
Edición 1
Parte restante de la signatura top. H659F
Sistema de clasificación NLM
Clasificación QS 4
Título oculto en OPAC No
Existencias
Fecha de último préstamo Total préstamos Total Renewals Signatura topográfica Código de barras Última vez visto Volúmen / Fascículo Ejemplar Price effective from Tipo de ítem Perdido Sistema de clasificación Dañado No prestable Tipo de ítem específico Suprimido Ubicación habitual Ubicación actual Localización Fecha de creación Forma de adquisición Costo
03/08/2019 19 5 QS 4 H659F 200005842 12/12/2025 1997 Ej.1 03/02/2013 Libro   NLM     Libro   Quinta de Mutis Quinta de Mutis 1er piso 28/02/2003 Compra 95040.00